000
00241 a2200109 4500
020
_a
9788485034826
041
_a
spa
100
_a
M.Victoria Molins
245
_a
Veinte Canciones desesperadas y un poema de Amor
942
_c
BK
952
_7
1
999
_c
24489
_d
24489